Southville International School and Colleges
Your cart is empty.
  • Cart
  • Lists
    Public lists Eva Luna New books Lux_list list_1
    Your lists Log in to create your own lists
  • Log in to your account
  • Your cookies
  • Search history
Southville International School and Colleges
  • Advanced search
  • Recent comments
  • Most popular
  • Libraries

Log in to your account

Log in with GOOGLE


If you do not have an external account, but do have a local account, you can still log in:

  1. Home
  2. MARC view: The Physics of everyday phenomena :
Normal view MARC view ISBD view

The Physics of everyday phenomena : (Record no. 357526)

[ view plain ]
MARC details
000 -LEADER
fixed length control field 00654nam a2200241Ia 4500
008 - FIXED-LENGTH DATA ELEMENTS--GENERAL INFORMATION
fixed length control field 180523s9999 xx 000 0 und d
020 ## - INTERNATIONAL STANDARD BOOK NUMBER
International Standard Book Number 978-981-4607-51-3
050 ## - LIBRARY OF CONGRESS CALL NUMBER
Classification number MAIN QC 23.3
050 ## - LIBRARY OF CONGRESS CALL NUMBER
Item number .G75 2015
100 ## - MAIN ENTRY--PERSONAL NAME
Personal name Griffith, W. Thomas
245 #4 - TITLE STATEMENT
Title The Physics of everyday phenomena :
245 #2 - TITLE STATEMENT
Remainder of title a conceptual introduction to physics /
245 #0 - TITLE STATEMENT
Statement of responsibility, etc W. Thomas Griffith, Juliet W. Brosing.
250 ## - EDITION STATEMENT
Edition statement 8th Edition
260 ## - PUBLICATION, DISTRIBUTION, ETC. (IMPRINT)
Place of publication, distribution, etc [s.l.] :
260 ## - PUBLICATION, DISTRIBUTION, ETC. (IMPRINT)
Name of publisher, distributor, etc McGraw-Hill,
260 ## - PUBLICATION, DISTRIBUTION, ETC. (IMPRINT)
Date of publication, distribution, etc 2015
300 ## - PHYSICAL DESCRIPTION
Extent 477 pages :
300 ## - PHYSICAL DESCRIPTION
Other physical details illustrations ;
300 ## - PHYSICAL DESCRIPTION
Dimensions 28 cm.
500 ## - GENERAL NOTE
General note Includes index.
650 ## - SUBJECT ADDED ENTRY--TOPICAL TERM
Topical term or geographic name as entry element Physics -- Textbooks.

No items available.

The Physics of everyday phenomena :

APA

Griffith W. T., .The Physics of everyday phenomena. [s.l.]: .

Chicago

Griffith W Thomas, .The Physics of everyday phenomena. [s.l.]: .

Harvard

Griffith W. T., .The Physics of everyday phenomena. [s.l.]: .

MLA

Griffith W Thomas, .[s.l.]: . .

  • Print
  • Cite
  • Add to your cart (remove)
  • Save record
    BIBTEX Dublin Core MARCXML MARC (non-Unicode/MARC-8) MARC (Unicode/UTF-8) MARC (Unicode/UTF-8, Standard) MODS (XML) RIS
  • More searches
    Search for this title in:
    Other Libraries (WorldCat) Other Databases (Google Scholar) Online Stores (Bookfinder.com) Open Library (openlibrary.org)

Exporting to Dublin Core...

SOUTHVILLE LIBRARY

Southville International School and Colleges Library

1281 Tropical Ave. Cor. Luxembourg St., BF Homes International, Las Pinas City

Tel. No. 8256374 / 252358 Loc. 117/146

Powered by Koha